Statistics for Dependent Territories Quiz

Click here to take the quiz!

General Stats

  • This quiz has been taken 19 times
  • The average score is 33 of 40

Answer Stats

HintAnswer% Correct
DenmarkFaroe Islands
100%
United States (Organized territory)Guam
100%
NetherlandsAruba
93%
United KingdomCayman Islands
93%
United KingdomGibraltar
93%
DenmarkGreenland
93%
United Kingdom (Crown Dependency)Guernsey
93%
United Kingdom (Crown Dependency)Isle of Man
93%
United Kingdom (Crown Dependency)Jersey
93%
United States (Organized territory)Puerto Rico
93%
FranceSaint Martin
93%
FinlandÅland
87%
United KingdomBermuda
87%
United KingdomBritish Virgin Islands
87%
AustraliaChristmas Island
87%
AustraliaCocos (Keeling) Islands
87%
New Zealand (Associated state)Cook Islands
87%
NetherlandsCuraçao
87%
ChinaHong Kong
87%
United KingdomMontserrat
87%
AustraliaNorfolk Island
87%
United States (Organized territory)Northern Mariana Islands
87%
NorwaySvalbard
87%
United KingdomAnguilla
80%
United Kingdom
Pitcairn Islands
80%
United KingdomFalkland Islands
80%
FranceFrench Polynesia
80%
ChinaMacau
80%
New Zealand (Associated state)Niue
80%
United Kingdom (Sovereign Base)Akrotiri and Dhekelia
73%
United States (Unorganized territory)American Samoa
73%
NetherlandsSint Maarten
73%
United States (Organized territory)United States Virgin Islands
73%
FranceNew Caledonia
67%
United KingdomSaint Helena, Ascension and Tristan da Cunha
67%
United KingdomTurks and Caicos Islands
67%
FranceWallis and Futuna
67%
FranceSaint Barthélemy
60%
FranceSaint Pierre and Miquelon
60%
New ZealandTokelau
60%

Score Distribution

Percentile by Number Answered

Percent of People with Each Score

Your Score History

You have not taken this quiz